MDQL
is popping MORE tags! Check the
thread
!
Quizzes
Events
Quiz Creation
Community
Videos
Private Events
Remove Ads
Sign In
Join for FREE
Feedback
Dark Mode
Quiz Categories
Sports
Geography
Music
Movies
Television
Just For Fun
Miscellaneous
History
Literature
Language
Science
Gaming
Entertainment
Religion
Holiday
For Kids
Quiz Lab
Recent
Popular Today
Quiz Kudos Today
Editor Picks
Curator Picks
Quizzes by...
Day
Popularity
Type
Ratings
Length
Year
Community
Subscriptions
Recent Discussions
Orange Saloon
Badges
Playlists
Quests
Create
Leaderboards
Showdown
Live 5
Trivia Bingo
Activity
Puzzle Library
Sporcle Events
Private Events
Virtual Trivia
Globe League
Become a Host
Pub Owners
SporcleCon
Opinionation
Our Games
Videos
Blog
Mobile Apps
Partnerships
Remove Ads and Go Orange
Feedback
Sports
Athletes
MLB
NBA
NHL
NFL
Soccer
Sports Teams
WWE
NCAA
Football
Premier League
Basketball
Baseball
Hockey
Golf
Tennis
Cricket
Rugby
Auto Racing
Olympics
World Cup
Sports
Athletes
MLB
NBA
NHL
NFL
Soccer
Sports Teams
WWE
NCAA
Football
Premier League
Basketball
Baseball
Hockey
Golf
Tennis
Cricket
Rugby
Auto Racing
Olympics
World Cup
Random Quiz
Search Sporcle
×
Quiz Lab
Quiz Lab
Sports
Schalke-Kader
Type in answers that appear in a list
Type in answers that appear in a list
Classic
Best Score? Go Orange.
Schalke 04 XIs: since 1996/97 season Stats
Can you name the Schalke 04 XIs: since 1996/97 season?
By
carles_puyol
15m
176 Questions
2,017 Plays
2,017 Plays
2,017 Plays
Comments
Comments
Give Quiz Kudos
Give Quiz Kudos
-
- Ratings
hide this ad
Replay
Link that replays current quiz
Next Quiz
Link to next quiz in quiz playlist
You Got
0%
They Got
Avg Score
59%
Avg Friend Score
Upgrade to see
Score Distribution
Jump to the score distribution portion of the page
Score
0/176
Timer
15:00
0
Plays Today
Season
Player
% Correct
2006/
07
Manuel Neuer
93.3%
2007/
08
Manuel Neuer
93.3%
2008/
09
Manuel Neuer
93.3%
2009/
10
Manuel Neuer
93.3%
2010/
11
Manuel Neuer
93.3%
2010/
11
Klaas Jan Huntelaar
92%
2011/
12
Klaas Jan Huntelaar
92%
2010/
11
Raúl
89.7%
2011/
12
Raúl
89.7%
1999/
00
Ebbe Sand
84.5%
2000/
01
Ebbe Sand
84.5%
2001/
02
Ebbe Sand
84.5%
2002/
03
Ebbe Sand
84.5%
2003/
04
Ebbe Sand
84.5%
2004/
05
Ebbe Sand
84.5%
2005/
06
Ebbe Sand
84.5%
2008/
09
Benedikt Höwedes
82.3%
2009/
10
Benedikt Höwedes
82.3%
2010/
11
Benedikt Höwedes
82.3%
2011/
12
Benedikt Höwedes
82.3%
2005/
06
Kevin Kurányi
79.8%
2006/
07
Kevin Kurányi
79.8%
2007/
08
Kevin Kurányi
79.8%
2008/
09
Kevin Kurányi
79.8%
2009/
10
Kevin Kurányi
79.8%
2008/
09
Jefferson Farfán
79.1%
2009/
10
Jefferson Farfán
79.1%
2010/
11
Jefferson Farfán
79.1%
2011/
12
Jefferson Farfán
79.1%
1999/
00
Gerald Asamoah
77.7%
2000/
01
Gerald Asamoah
77.7%
2001/
02
Gerald Asamoah
77.7%
2003/
04
Gerald Asamoah
77.7%
2004/
05
Gerald Asamoah
77.7%
2007/
08
Gerald Asamoah
77.7%
1996/
97
Jens Lehmann
77.5%
1997/
98
Jens Lehmann
77.5%
2002/
03
Frank Rost
77.2%
2003/
04
Frank Rost
77.2%
2004/
05
Frank Rost
77.2%
2005/
06
Frank Rost
77.2%
2011/
12
Julian Draxler
75%
2004/
05
Marcelo Bordon
71.1%
2005/
06
Marcelo Bordon
71.1%
2006/
07
Marcelo Bordon
71.1%
2007/
08
Marcelo Bordon
71.1%
2009/
10
Marcelo Bordon
71.1%
2000/
01
Andreas Möller
69.9%
2001/
02
Andreas Möller
69.9%
2000/
01
Émile Mpenza
69.7%
1996/
97
Marc Wilmots
69.1%
1997/
98
Marc Wilmots
69.1%
1999/
00
Marc Wilmots
69.1%
2001/
02
Marc Wilmots
69.1%
1998/
99
Oliver Reck
65.4%
1999/
00
Oliver Reck
65.4%
2000/
01
Oliver Reck
65.4%
2001/
02
Oliver Reck
65.4%
2005/
06
Rafinha
65%
Season
Player
% Correct
2006/
07
Rafinha
65%
2007/
08
Rafinha
65%
2008/
09
Rafinha
65%
2009/
10
Rafinha
65%
2004/
05
Mladen Krstajić
64.7%
2005/
06
Mladen Krstajić
64.7%
2006/
07
Mladen Krstajić
64.7%
2007/
08
Mladen Krstajić
64.7%
2008/
09
Mladen Krstajić
64.7%
1996/
97
Olaf Thon
64.1%
1997/
98
Olaf Thon
64.1%
1998/
99
Olaf Thon
64.1%
1999/
00
Olaf Thon
64.1%
2010/
11
Christoph Metzelder
63.3%
2009/
10
Joel Matip
62.1%
2010/
11
Joel Matip
62.1%
2011/
12
Joel Matip
62.1%
2007/
08
Jermaine Jones
61.4%
2008/
09
Jermaine Jones
61.4%
2010/
11
Atsuto Uchida
61.2%
2004/
05
Ailton
58.9%
2004/
05
Lincoln
58.8%
2005/
06
Lincoln
58.8%
2000/
01
Jörg Böhme
58.3%
2001/
02
Jörg Böhme
58.3%
2002/
03
Jörg Böhme
58.3%
2011/
12
Lars Unnerstall
57.5%
2005/
06
Fabian Ernst
56.7%
2006/
07
Fabian Ernst
56.7%
2007/
08
Fabian Ernst
56.7%
2003/
04
Hamit Altintop
56.5%
2006/
07
Hamit Altintop
56.5%
2006/
07
Halil Altintop
56.5%
2007/
08
Halil Altintop
56.5%
2008/
09
Halil Altintop
56.5%
2011/
12
Christian Fuchs
55.8%
2010/
11
Jurado
55.4%
1998/
99
Youri Mulder
55.1%
1999/
00
Tomasz Wałdoch
54.4%
2000/
01
Tomasz Wałdoch
54.4%
2001/
02
Tomasz Wałdoch
54.4%
2000/
01
Tomasz Hajto
53.6%
2001/
02
Tomasz Hajto
53.6%
2002/
03
Tomasz Hajto
53.6%
2007/
08
Heiko Westermann
53.5%
2008/
09
Heiko Westermann
53.5%
2009/
10
Heiko Westermann
53.5%
1998/
99
Nico van Kerckhoven
53.4%
1999/
00
Nico van Kerckhoven
53.4%
2000/
01
Nico van Kerckhoven
53.4%
2001/
02
Nico van Kerckhoven
53.4%
2003/
04
Nico van Kerckhoven
53.4%
1996/
97
Andreas Müller
52.3%
1998/
99
Andreas Müller
52.3%
1996/
97
Martin Max
52%
1998/
99
Martin Max
52%
2007/
08
Ivan Rakitić
51.7%
2009/
10
Ivan Rakitić
51.7%
2011/
12
Kyriakos Papadopoulos
51.7%
Season
Player
% Correct
1996/
97
Michael Büskens
51.4%
1997/
98
Michael Büskens
51.4%
1998/
99
Michael Büskens
51.4%
2011/
12
Lewis Holtby
50.5%
1996/
97
Jiří Němec
50.1%
1997/
98
Jiří Němec
50.1%
1998/
99
Jiří Němec
50.1%
1999/
00
Jiří Němec
50.1%
2002/
03
Christian Poulsen
49.9%
2003/
04
Christian Poulsen
49.9%
2004/
05
Christian Poulsen
49.9%
2005/
06
Christian Poulsen
49.9%
2003/
04
Levan Kobiashvili
49.7%
2004/
05
Levan Kobiashvili
49.7%
2005/
06
Levan Kobiashvili
49.7%
2006/
07
Levan Kobiashvili
49.7%
2008/
09
Levan Kobiashvili
49.7%
1997/
98
Marco van Hoogdalem
48.5%
1998/
99
Marco van Hoogdalem
48.5%
2000/
01
Marco van Hoogdalem
48.5%
2001/
02
Marco van Hoogdalem
48.5%
2002/
03
Marco van Hoogdalem
48.5%
2004/
05
Christian Pander
48.4%
1996/
97
Thomas Linke
48.3%
1996/
97
Yves Eigenrauch
46.4%
1997/
98
Yves Eigenrauch
46.4%
1998/
99
Yves Eigenrauch
46.4%
1999/
00
Yves Eigenrauch
46.4%
2003/
04
Darío Rodríguez
45.2%
2006/
07
Darío Rodríguez
45.2%
1996/
97
Radoslav Latal
44.4%
1997/
98
Radoslav Latal
44.4%
2000/
01
Radoslav Latal
44.4%
2002/
03
Victor Agali
43.7%
2005/
06
Søren Larsen
41.7%
1999/
00
Niels Oude Kamphuis
40.4%
2002/
03
Niels Oude Kamphuis
40.4%
2004/
05
Niels Oude Kamphuis
40.4%
2009/
10
Lukas Schmitz
39.5%
2010/
11
Lukas Schmitz
39.5%
2002/
03
Gustavo Varela
39.2%
1996/
97
Johan de Kock
38.2%
1997/
98
Johan de Kock
38.2%
1998/
99
Johan de Kock
38.2%
2011/
12
Marco Höger
37.4%
2001/
02
Sven Vermant
35.4%
2002/
03
Sven Vermant
35.4%
2003/
04
Sven Vermant
35.4%
2009/
10
Christoph Moritz
33.3%
2008/
09
Orlando Engelaar
32.9%
2006/
07
Zlatan Bajramović
28.5%
1997/
98
René Eijkelkamp
28.1%
2010/
11
Peer Kluge
27.8%
2002/
03
Aníbal Matellán
24.5%
1997/
98
Michael Goossens
24%
1999/
00
Sven Kmetsch
23.5%
2003/
04
Jochen Seitz
15%
2003/
04
Thomas Kläsener
13.5%
Quiz Playlist
Details
Report
Send in Message
Add To Playlist
Classic:
Type in answers that appear in a list
Quiz Source
Last Updated: Feb 16, 2017
Quiz Scoreboard
CHALLENGE
Sign Up to Join the Scoreboard
Show All
Scores
Hide
Comments
May contain spoilers
Recently Published
Holiday 10x10 Sorting Gallery
by lukepisani3
Holiday
15m
Two Season TV Shows II
by 123Four
Television
10m
Image Sorting: Flags VI
by Barbecue
Geography
2m
More to Explore
Quiz From the Vault
Featured Blog Post
14 Easter Pick-up Lines to Find Eggs With
hide this ad
You Might Also Like...
Tags
bundesliga
schalke
Schalke-Kader
Squad
XIs
Today's Top Quizzes in Sports
Browse Sports
hide this ad
Top Contributed Quizzes in Sports
1
Les meilleurs buteurs des matchs entre le PSG et l’OM
2
Les entraîneurs de l'OM et du PSG au 21e siècle
3
2022 World Cup Stars
4
Les joueurs passés par le PSG et l'OM
5
Players with Multiple 50 Home Run Seasons
6
FIFA Club World Cup Champions
7
Top 10 NHL Goal Scorers of All Time
8
Les joueurs passés par le LOSC et le RC Lens
9
Criteria MLB: Left Handed Sluggers
10
2023 MLB Unique Player Accomplishments
Explore More
Trending Topics
Kpop
Marvel
Harry Potter
Crossword
Disney
Anime
NBA
NFL
Puzzle
Pokémon
Country
Song
The Office
WWE
Soccer
hide this ad
More By:
carles_puyol
Quiz
Plays
Rating
Category
Featured
Created
Juventus XIs: since 1996/97 season
16,952
4.54
Sports
May 13, 2012
FC Barcelona XIs: since 1996/97 season
15,158
4.40
Sports
May 6, 2012
Real Madrid XIs: since 1996/97 season
13,597
4.65
Sports
May 6, 2012
AC Milan XIs: since 1996/97 season
12,721
4.29
Sports
May 8, 2012
Inter Milan XIs: since 1996/97 season
11,884
4.61
Sports
May 10, 2012
Go to Creator's Profile
Score Distribution
Quiz Creator Spotlight
carles_puyol
Follow
Send a Message
Quizzes Created
-
Created Quiz Play Count
-
More By This Creator
Popular Quizzes Today
1
Find the US States - No Outlines Minefield
2
Colored Red Africa Blitz
3
Find the 'City' Movie
4
The Countries of the World
5
5x2 Blitz: Bands
6
Find the US States
7
Find the Countries of Europe - No Outlines Minefield
8
US States
More Sports Quizzes
MLB Highest Paid Player by Year
Published
Trending Quizzes
Colored Red Europe Blitz I
Colored Red Europe Blitz II
Colored Red Africa Blitz II
Colored Red Europe Blitz III
Colored Red Africa Blitz III
Recently Updated
Odd Team Out - Big 4 Players
pecheneg
Quick Pick: 20 Twenties
pecheneg
March Madness Men's Triple Doubles
pecheneg
How Do You Spell That?
pecheneg
Godzilla Movies
pecheneg
Grab Bag: 4-10 Letters
pecheneg
2024 March Madness Bracket
pecheneg
Famous TV Couples
Peacemaker
Champions League XIs: Real Madrid
pecheneg
Largest US Cities 1790-2010
pecheneg
Trending Topics
Crossword
Harry Potter
Marvel
Anime
NBA
Kpop
Disney
NFL
Song
WWE
Country
Soccer
Puzzle
Pokémon
The Office
Your Account Isn't Verified!
In order to create a playlist on Sporcle, you need to verify the email address you used during registration. Go to your
Sporcle Settings
to finish the process.
Report this User
Report this user for behavior that violates our
Community Guidelines
.
Details:
Send Report
Go to the Sporcle.com Mobile Site →
Comments